<?xml version="1.0" encoding="UTF-8"?>
<record
    xmlns:xsi="http://www.w3.org/2001/XMLSchema-instance"
    xsi:schemaLocation="http://www.loc.gov/MARC21/slim http://www.loc.gov/standards/marcxml/schema/MARC21slim.xsd"
    xmlns="http://www.loc.gov/MARC21/slim">

  <leader>00372nam a22001577a 4500</leader>
  <controlfield tag="003">SGT</controlfield>
  <controlfield tag="005">20260702160305.0</controlfield>
  <datafield tag="020" ind1=" " ind2=" ">
    <subfield code="a">9788189422691</subfield>
  </datafield>
  <datafield tag="082" ind1=" " ind2=" ">
    <subfield code="a">635</subfield>
    <subfield code="b">PET</subfield>
  </datafield>
  <datafield tag="100" ind1=" " ind2=" ">
    <subfield code="a">PETER, K.V. </subfield>
  </datafield>
  <datafield tag="245" ind1=" " ind2=" ">
    <subfield code="a">UNDERUTILIZED &amp; UNDEREXPLOITED HORTICULTURAL CROPS</subfield>
  </datafield>
  <datafield tag="260" ind1=" " ind2=" ">
    <subfield code="a">INDIA </subfield>
    <subfield code="b">NIPA PUB. </subfield>
    <subfield code="c">2007</subfield>
  </datafield>
  <datafield tag="300" ind1=" " ind2=" ">
    <subfield code="a">351</subfield>
  </datafield>
  <datafield tag="650" ind1=" " ind2=" ">
    <subfield code="a">HORTICULTURAL CROPS</subfield>
  </datafield>
  <datafield tag="942" ind1=" " ind2=" ">
    <subfield code="2">ddc</subfield>
    <subfield code="c">BK</subfield>
  </datafield>
  <datafield tag="952" ind1=" " ind2=" ">
    <subfield code="0">0</subfield>
    <subfield code="1">0</subfield>
    <subfield code="2">ddc</subfield>
    <subfield code="4">0</subfield>
    <subfield code="7">1</subfield>
    <subfield code="8">FS</subfield>
    <subfield code="a">SSSL</subfield>
    <subfield code="b">SSSL</subfield>
    <subfield code="c">REF</subfield>
    <subfield code="d">2026-07-02</subfield>
    <subfield code="e">SAVERA BOOKS</subfield>
    <subfield code="g">5995.00</subfield>
    <subfield code="h">2</subfield>
    <subfield code="i">SGTU</subfield>
    <subfield code="l">0</subfield>
    <subfield code="o">635 PET</subfield>
    <subfield code="p">AG2851</subfield>
    <subfield code="r">2026-07-02 16:03:59</subfield>
    <subfield code="w">2026-05-12</subfield>
    <subfield code="y">BK</subfield>
    <subfield code="k">INV/26-27/0129</subfield>
  </datafield>
  <datafield tag="952" ind1=" " ind2=" ">
    <subfield code="0">0</subfield>
    <subfield code="1">0</subfield>
    <subfield code="2">ddc</subfield>
    <subfield code="4">0</subfield>
    <subfield code="7">1</subfield>
    <subfield code="8">FS</subfield>
    <subfield code="a">SSSL</subfield>
    <subfield code="b">SSSL</subfield>
    <subfield code="c">REF</subfield>
    <subfield code="d">2026-07-02</subfield>
    <subfield code="e">SAVERA BOOKS</subfield>
    <subfield code="g">5995.00</subfield>
    <subfield code="h">2</subfield>
    <subfield code="i">SGTU</subfield>
    <subfield code="l">0</subfield>
    <subfield code="o">635 PET</subfield>
    <subfield code="p">AG2852</subfield>
    <subfield code="r">2026-07-02 16:03:59</subfield>
    <subfield code="w">2026-05-12</subfield>
    <subfield code="y">BK</subfield>
    <subfield code="k">INV/26-27/0129</subfield>
  </datafield>
  <datafield tag="999" ind1=" " ind2=" ">
    <subfield code="c">35011</subfield>
    <subfield code="d">35011</subfield>
  </datafield>
</record>
